| 000 | 00680nam a2200217 a 4500 | ||
|---|---|---|---|
| 008 | |||
| 020 | _a1570592624 (hbk.) | ||
| 049 | _aMAIN | ||
| 090 |
_aRM410 _bSEL |
||
| 100 | 1 | _aSelitrennikoff,P.Claude | |
| 245 | 1 | 0 |
_aAntifungal Drugs : _b(1,3)B-Glucan Synthase Inhibitors/ _cClaude P.Selitrennikoff |
| 260 |
_aUnited States of America : _bR.G.landes Company, _c1995 |
||
| 300 |
_a139 p. : _bill. ; _c26 cm |
||
| 650 |
_aGlucan synthase _xInhibitors _xTherapeutic use |
||
| 650 | 1 | _aAntifungal agents | |
| 907 |
_a.b10202882 _b17-07-12 _c16-05-06 |
||
| 003 | |||
| 005 | 20230120203930.0 | ||
| 040 | _cNUST | ||
| 942 |
_cBOOKS _kRM410 _mSEL |
||
| 999 |
_c114098 _d114098 |
||